| 000 | 00503nam a2200193Ia 4500 | ||
|---|---|---|---|
| 003 | GCL | ||
| 008 | 140319s9999 xx 000 0 eng d | ||
| 040 |
_aGCL / _cGCL |
||
| 082 | 0 | 4 |
_a946 _bF C |
| 100 | 1 | _aFERRERAS, JACQULINE | |
| 245 | 1 | 0 |
_aLA CIVLISATION ESPAGNOLE AUJOURD'HUI / _cFERRERAS, JACQULINE |
| 260 |
_a[S.N] : _bLAROUSSE ، _c1996 |
||
| 300 | _a128 P | ||
| 650 | 0 | 4 | _aCIVILIZATION |
| 650 | 0 | 4 | _aSPAIN - HISTORY |
| 650 | 0 | 4 | _aHISTORY |
| 650 | 0 | 4 | _aCIVILIZATION - SPAIN |
| 942 |
_2ddc _cBK |
||
| 999 |
_c16088 _d16088 |
||